Science of Engineering Materials (Record no. 3299)

MARC details
000 -LEADER
fixed length control field 00471nam a2200181Ia 4500
008 - FIXED-LENGTH DATA ELEMENTS--GENERAL INFORMATION
fixed length control field 221030s9999 xx 000 0 und d
020 ## - INTERNATIONAL STANDARD BOOK NUMBER
ISBN 8122408710
041 ## - LANGUAGE CODE
Language code of text/sound track or separate title
082 ## - DEWEY DECIMAL CLASSIFICATION NUMBER
Classification number 105.23
Item number Sri
100 ## - MAIN ENTRY--AUTHOR NAME
Personal name C. M. Srivastava
245 #0 - TITLE STATEMENT
Title Science of Engineering Materials
Statement of responsibility, etc by C. M. Srivastava, C. Srinivasan
250 ## - EDITION STATEMENT
Edition statement 2nd
260 ## - PUBLICATION, DISTRIBUTION, ETC. (IMPRINT)
Name of publisher New Age International Pub.
Place of publication New Delhi
Year of publication 1997
300 ## - PHYSICAL DESCRIPTION
Number of Pages 485
650 ## - SUBJECT ADDED ENTRY--TOPICAL TERM
Topical Term EE
700 ## - ADDED ENTRY--PERSONAL NAME
Personal name C. Srinivasan
942 ## - ADDED ENTRY ELEMENTS (KOHA)
Koha item type Books
Holdings
Accession Number Cost, normal purchase price Full call number Price effective from Koha item type Withdrawn / writtenoff status Materials specified (bound volume or other part) Damaged status Not for loan Permanent Location Current Location Shelving location Date acquired Lost/ Missing status department
BE 5482 200.00 105.23 Sri 10/30/2022 Books   Print   Not For Loan MIET Library, Jammu MIET Library, Jammu BL-Second, FL-1, CUP-79, SH-3, R-3 06/15/2002   BE
BE 5483 200.00 105.23 Sri 10/30/2022 Books   Print     MIET Library, Jammu MIET Library, Jammu BL-Academic Block C, FL-2, CUP-131, SH-1, R-1 11/07/2005   BE